Fakta bersepadu SPM english

Bibliographic Details
Main Author: Tan Chor Whye
Format: Book
Published: K.L : Pustaka Sistem Pelajaran Sdn.Bhd , 1995
Subjects:

MARC

LEADER 00000cam a2200000 7i4500
001 0000006102
002 000006592
005 20000330.0
020 |a 9679025993 
090 0 0 |a 421   |b TAN 
100 0 |a Tan Chor Whye 
245 1 0 |a Fakta bersepadu SPM english   |c Tan Chor Whye 
260 |a K.L :   |b Pustaka Sistem Pelajaran Sdn.Bhd ,   |c 1995 
300 |a 272p. ;   |c 25cm. 
650 0 0 |a English language   |x SPM 
999 |a 038248   |b BUKU   |c PINJAMAN   |e PERPUSTAKAAN KOMUNITI PETALING JAYA 
999 |a 038249   |b BUKU   |c PINJAMAN   |e PERPUSTAKAAN KOMUNITI PETALING JAYA 
999 |a 043258   |b BUKU   |c PINJAMAN   |e PERPUSTAKAAN KOMUNITI PETALING JAYA 
999 |a 043259   |b BUKU   |c PINJAMAN   |e PERPUSTAKAAN KOMUNITI PETALING JAYA